HARDEST NBA QUIZ EVER!!! - Statistics

General Stats
  • This quiz has been taken 3,559 times
  • The average score is 5 of 12
Answer Stats
Question Answer % Correct
Has Delonte West ever averaged more than 5 assists a game? No
87%
How many players from Kentucky have been drafted first overall? Type in as a number. 3
81%
How many teams did Kevin Hart player for? Type in as a number. 0
80%
How many minutes was it? Hint: A beautiful number 69
75%
How many NBA players currently have over 30,000 career points? Type in as a word. Six
68%
How many rebounds was it? Type in as a number. 55
53%
How many NBA commisioners have there been? Type in as a word and put a "1" at the end of it. Six1
31%
Who has the NBA record for most rebounds in a game? Wilt Chamberlain
31%
Who was the first NBA player to record a quadruple-double? Nate Thurmond
12%
Who is third on the NBA's all-time steals list? Michael Jordan
11%
Who has the record for most minutes played in an NBA game? Dale Ellis
10%
Which NBA player had played on 5 teams in one NBA season? Bobby Jones
2%
No matching quizzes found
Score Distribution
Percent of People with Each Score
Percentile by Number Answered
Your Score History
You have not taken this quiz